000 00888cam a2200277 a 4500
001 000011635
005 20200929162518.0
008 931130s1986 ve a 001 0 spa d
020 _a9802590894
035 _a(DLC) 93237099
040 _aDO-SdBNP
_bBNPHU
_cDLC
082 _annn
_bC245c
100 1 _aCapobianco, Antonio.
_927557
245 1 3 _aEl cultivo del mar, ríos y lagos de Venezuela /
_cAntonio Capobianco.
260 _aCaracas :
_bCuaderno Lagoven,
_c1986.
300 _a57 p. :
_bil. ;
_c22 cm.
490 1 _aCuadernos Lagoven
504 _aIncluye referencias bibliográficas (p. [58-59]).
586 _aPremio Nacional de Periodismo, 1986
650 4 _aCultivos y agua
_915348
650 4 _aPesca con red de enmalle
_927558
650 4 _aPesca
_zVenezuela
_927559
830 0 _aCuadernos Lagoven
_926555
910 _aCatalogación por copia / LC
049 _aBNGR
999 _c11328
_d11328